Twilight / (Record no. 112493)
[ view plain ]
| 000 -LEADER | |
|---|---|
| fixed length control field | 00609nam a2200145 a 4500 |
| 005 - DATE AND TIME OF LATEST TRANSACTION | |
| control field | 20140414131937.0 |
| 008 - FIXED-LENGTH DATA ELEMENTS--GENERAL INFORMATION | |
| fixed length control field | 110124s19uu xx 00 eng d |
| 050 ## - LIBRARY OF CONGRESS CALL NUMBER | |
| Classification number | TR |
| Item number | M46 2005 |
| 100 ## - MAIN ENTRY--PERSONAL NAME | |
| Personal name | Meyer, Stephenie, 1973- |
| 245 ## - TITLE STATEMENT | |
| Title | Twilight / |
| Statement of responsibility, etc | Stephenie Meyer. |
| 260 ## - PUBLICATION, DISTRIBUTION, ETC. (IMPRINT) | |
| Place of publication, distribution, etc | New York : |
| Name of publisher, distributor, etc | Little, Brown and Co., |
| Date of publication, distribution, etc | 2005. |
| 520 ## - SUMMARY, ETC. | |
| Summary, etc | When seventeen-year-old Bella leaves Phoenix to live with her father in Forks, Washington, she meets an exquisitely handsome boy at school for whom she feels an overwhelming attraction and who she comes to realize is not wholly human. |
| 650 ## - SUBJECT ADDED ENTRY--TOPICAL TERM | |
| Topical term or geographic name as entry element | Vampires |
| Withdrawn status | Lost status | Damaged status | Home library | Current library | Shelving location | Date acquired | Total Checkouts | Full call number | Barcode | Date last seen | Price effective from | Koha item type |
|---|---|---|---|---|---|---|---|---|---|---|---|---|
| Munich Library | Munich Library | Teachers Reference Section | 01/24/2011 | TR M46 2005 | M3803 | 04/14/2014 | 04/14/2014 | Books |